| 000 | 00601nam a22001817a 4500 | ||
|---|---|---|---|
| 999 |
_c190566 _d190566 |
||
| 005 | 20220727164102.0 | ||
| 010 | _aENG-134004 | ||
| 020 |
_c300.00 _a978-93-81899-80-9 |
||
| 035 | _aEN-117536 | ||
| 037 | _bDBAD/PUB | ||
| 082 | _a332.10954 | ||
| 245 |
_aCashless India and Financial inclusion - Challenges and benefits/ _cedited by Nirmala Mohan, at all |
||
| 260 |
_aTamilnadu _bSakthi Publishers _c2017 |
||
| 270 |
_aNo.12,Anna Street, Chitlapakkam, Chennai _bTamilnadu _e600064 |
||
| 300 |
_axii,179p. _c23cm(pb) |
||
| 700 | _aNirmala Mohan | ||
| 942 |
_2ddc _cEN _h332.10954 _mCAS |
||